| 000 | 01524nam0a22002891 4500 | ||
|---|---|---|---|
| 001 | rc\2786136 | ||
| 005 | 20250529165219.0 | ||
| 035 | _a(NLR Aleph) 006912329 | ||
| 090 |
_a7360325 _c7360325 |
||
| 100 | _a20110915d1935 |||y0rusy50 ca | ||
| 101 | 0 | _arus | |
| 102 | _aRU | ||
| 105 | _aa z ||||| | ||
| 200 | 1 |
_aБудем внимательны и осторожны _eСборник иллюстративных математич. материалов для обуч. правилам уличного движения _e1 год обуч. _fСост. бригадой методистов и препод. Л. В. Глаголевой, С. Ю. Блуменау, А. Д. Малкис, Б. О. Гинзбург |
|
| 210 |
_aЛенинград _cГострансиздат. Ленингр. отд-ние _d1935 _gтип. "Печатный двор" |
||
| 215 |
_aОбл., 26, [11] с. _cил. _d29х30 см. |
||
| 225 | 1 |
_aСерия работ психотехнической лаборатории "За культуру безопасности на транспорте" _fТрансп. упр. Ленсовета. Под ред. Н. М. Ободана _vВып. 1 |
|
| 702 | 1 |
_aБлуменау _bС.Ю. _4220 |
|
| 702 | 1 |
_aМалкис _bА.Д. _4220 |
|
| 702 | 1 |
_aГлаголева _bЛ.В. _gЛюдмила Васильевна _4220 |
|
| 702 | 1 |
_aГинзбург _bБ.О. _4220 |
|
| 801 | 0 |
_aRU _bNLR _gpsbo |
|
| 801 | 1 |
_aRU _bELAR _2rusmarc |
|
| 852 |
_aNLR _j35-11/1426 |
||
| 942 | _cBOOK | ||
| 980 | _aNB | ||